000 00470nam a22001697a 4500
003 NUST - PNEC
005 20170116180952.0
008 150908b xxu||||| |||| 00| 0 eng d
020 _a0071409440
040 _cLIBRARY
082 _a681.25 JOH
100 _99186
_aJohnson, Mark
245 _aPhotodetection and measurement : Maximizing performance in optical systems
_cMark Johnson
260 _cc.2003
650 _99188
_aOptical detectors
_xEE
942 _2ddc
_cBK
999 _c66450
_d66450